Decision support systems in the twenty-first century

Αποθηκεύτηκε σε:
Λεπτομέρειες βιβλιογραφικής εγγραφής
Κύριος συγγραφέας: Marakas, George M.
Μορφή: Βιβλίο
Γλώσσα:English
Δημοσίευση: Upper Saddle River, N.J. : Prentice Hall, c1999.
Θέματα:
Ετικέτες: Προσθήκη ετικέτας
Δεν υπάρχουν, Καταχωρήστε ετικέτα πρώτοι!

MARC

LEADER 00000cam a2200000 i 4500
001 1/94292
008 991126s1999 nju| ||| |||| ||eng||
020 |a 013744186X 
035 |l 10054749 
040 |a GR-MyUa  |b gre  |e AACR2 
041 0 |a eng 
082 7 |a 658.40380285574   |2 (21)  
082 7 |a 658.40380285   |2 (22)  
100 1 |a Marakas, George M. 
245 1 0 |a Decision support systems in the twenty-first century /   |c George M. Marakas.  
246 1 |i Άλλες παραλλαγές του τίτλου:   |a Decision support systems in the 21st century  
260 |a Upper Saddle River, N.J. :   |b Prentice Hall,   |c c1999.  
300 |a xxi, 506 σ. :   |b εικ. ;   |c 25 εκ.  
504 |a Περιλαμβάνει βιβλιογραφικές παραπομπές (σ. 487-495) και ευρετήριο.  
650 0 |a Decision support systems. 
650 0 |a Database management. 
650 0 |a Data mining. 
852 |a INST  |b CHIOS  |e 19991126  |h 658.40380285574 ΜΑΡ  |p 005200019448  |q 005200019448  |t BK  |y 0 
852 |a INST  |b SAMOS  |e 20010214  |h 658.40380285574 ΜΑΡ  |p 005300021875  |q 005300021875  |t BK  |y 0 
852 |a INST  |b SAMOS  |e 20010214  |h 658.40380285574 ΜΑΡ  |p 005300021876  |q 005300021876  |t BK  |y 0 
852 |a INST  |b SAMOS  |e 20010214  |h 658.40380285574 ΜΑΡ  |p 005300021877  |q 005300021877  |t BK  |y 0 
852 |a INST  |b SAMOS  |e 20010214  |h 658.40380285574 ΜΑΡ  |p 005300021878  |q 005300021878  |t BK  |y 0 
852 |a INST  |b SAMOS  |e 20010214  |h 658.40380285574 ΜΑΡ  |p 005300021879  |q 005300021879  |t BK  |y 0 
852 |a INST  |b SAMOS  |e 20010214  |h 658.40380285574 ΜΑΡ  |p 005300021880  |q 005300021880  |t BK  |y 0 
852 |a INST  |b SAMOS  |e 20010214  |h 658.40380285574 ΜΑΡ  |p 005300021881  |q 005300021881  |t BK  |y 0 
852 |a INST  |b SAMOS  |e 20010214  |h 658.40380285574 ΜΑΡ  |p 005300021882  |q 005300021882  |t BK  |y 0 
852 |a INST  |b SAMOS  |e 20010214  |h 658.40380285574 ΜΑΡ  |p 005300021883  |q 005300021883  |t BK  |y 23 
852 |a INST  |b SYROS  |e 20010214  |h 658.40380285 MAR  |p 005500000304  |q 005500000304  |t BK  |y 0 
901 |a BIBL3-2001-1 
901 |a BIBL2-1999-3 
922 |a 3ΕΛΗ  |b 200002  |c ΤΠΕΣ/ΠΟΛ  |d Leader 
922 |a 5ΕΛΗ  |b 200002  |c ΤΠΕΣ/ΠΟΛ  |d Leader 
922 |a 2ΕΛΗ  |b 199911  |c ΤΝΕΥ  |d Παπασωτηρίου 
950 |a 125-1999-07-15 
970 |a Σπέντζα  |b Ελένη  |z 30/11/1999